000 01028cam a2200253 4500
001 191860
003 ES-MaACL
005 20250831092050.0
008 221017s1989 sp | |||| ||spa d
017 _aM 42920-1988
_bOficina Depósito Legal Madrid
020 _a84-85961-36-6
080 _a016:061.27 Fundación Pablo Iglesias (093)
100 1 _aMartín Nájera, Aurelio.
_977584
245 1 0 _aGuía para la consulta del fondo documental de la Fundación Pablo Iglesias :
_barchivo, biblioteca y hemeroteca /
_ca cargo de Aurelio Martín Nájera.
250 _a1ª ed.
260 _aMadrid :
_bEditorial Pablo Iglesias,
_c1989.
300 _a181 p., [8] p. de lám. :
_bil. ;
_c18 cm.
500 _aÍndice.
610 2 4 _aFundación Pablo Iglesias-
_vHistoria-
_vFuentes-
_vBibliografías
_9175645
710 2 _aFundación Pablo Iglesias.
_bArchivo y Biblioteca
_94375
852 4 _aES-MaACL
_jA-15098
_9199142
_cDEPO1
_dOlim: 016 FPI MAR
_hDonación: Editorial
942 _2udc
999 _c191860
_d191860